00738nab a2200205uuc4500001000800000005001700008008004100025035001200066035002100078040001300099041000800112100003200120245013000152260001000282650003000292650002700322650001700349700003600366773013000402123406620240202101604.0110303s2009 spa  a1234066 a(OCoLC)820578327 ccomduadb aspa10aPrado, John Jairo4auteaut10aEvaluacion de politicas publicas para la reduccion de la criminalidad en Medellin : una aproximacion con dinamica de sistemas c2009. aCriminalidad - Medellín aDinámica de sistemas aSimulación10aDyner Rezonzew, Isaac4auteaut0 tEnsayos Sobre Política Económica (Bogotá)gVolumen 27, Número 60, Diciembre 2009, p. 80-108w280112x0120-4483096314